[Event "4NCL Division 2a"]
[Site "Hinckley Island ENG"]
[Date "2015.01.10"]
[Round "3.99"]
[White "Stebbings, Anthony"]
[Black "Gordon, Stephen J"]
[Result "1-0"]
[WhiteElo "2324"]
[BlackElo "2500"]
[PlyCount "113"]
[EventDate "2015.01.10"]

1. e4 c5 2. Nf3 d6 3. d4 cxd4 4. Nxd4 Nf6 5. Nc3 a6 6. Be3 e5 7. Nb3 Be6 8. f4
exf4 9. Bxf4 Nc6 10. Qd2 d5 11. O-O-O Nxe4 12. Nxe4 dxe4 13. Qe3 Qf6 14. Qxe4
Be7 15. Bd3 Nb4 16. Be5 Qh6+ 17. Kb1 O-O 18. Qxb7 Qg5 19. h4 Qxe5 20. Qxe7 Nxd3
21. Rxd3 Rfe8 22. Qd6 Qh5 23. Nd4 Rad8 24. Qg3 Bc4 25. Rdd1 h6 26. b3 Bd5 27.
Rd2 Re4 28. Nf3 Rde8 29. Re1 Qf5 30. Rxe4 Bxe4 31. Kb2 Qf6+ 32. Nd4 Rd8 33. c3
Qf1 34. Qc7 Rd5 35. Qe7 Bxg2 36. Qe8+ Kh7 37. Qe3 f5 38. Rf2 Qh1 39. Nxf5 Be4
40. Ng3 Qb1+ 41. Ka3 Ra5+ 42. Kb4 Rb5+ 43. Ka3 Bc2 44. c4 Ra5+ 45. Kb4 Rxa2 46.
Ne4 Qg1 47. h5 a5+ 48. Kb5 Rb2 49. Qf4 Rxb3+ 50. Ka6 Qb1 51. Qf5+ Kh8 52. Qf8+
Kh7 53. Nf6+ gxf6 54. Qf7+ Kh8 55. Qxf6+ Kh7 56. Qe7+ Kh8 57. Rf8# 1-0

[Event "4NCL Division 2a"]
[Site "Hinckley Island ENG"]
[Date "2015.01.10"]
[Round "3.212"]
[White "Ashton, Adam G"]
[Black "Sathyanandha, Saravanan"]
[Result "1-0"]
[WhiteElo "2398"]
[BlackElo "2175"]
[PlyCount "51"]
[EventDate "2015.01.10"]
[WhiteTeam "3Cs"]
[BlackTeam "KJCA Kings"]

1. e4 e6 2. d3 d5 3. Nd2 c5 4. g3 Nc6 5. Bg2 g6 6. Ngf3 Bg7 7. O-O Nge7 8. c3
O-O 9. Re1 f6 10. exd5 exd5 11. d4 c4 12. b3 b5 13. a4 Qa5 14. Ba3 Re8 15. axb5
Qxb5 16. bxc4 dxc4 17. Bf1 Kh8 18. Nxc4 Qh5 19. Nfd2 Bg4 20. f3 Bh3 21. Nd6 Rf8
22. Bxh3 Qxh3 23. Qb3 Bh6 24. Nf7+ Rxf7 25. Qxf7 Rf8 26. Qa2 1-0

[Event "4NCL Division 2a"]
[Site "Hinckley Island ENG"]
[Date "2015.01.10"]
[Round "3.99"]
[White "Green, Andrew D"]
[Black "Horton, Andrew P"]
[Result "1/2-1/2"]
[WhiteElo "2150"]
[BlackElo "2151"]
[PlyCount "164"]
[EventDate "2015.01.10"]

1. d4 Nf6 2. c4 e6 3. Nc3 Bb4 4. Qc2 Nc6 5. Nf3 d6 6. Bd2 O-O 7. a3 Bxc3 8.
Bxc3 Qe7 9. g3 e5 10. d5 Nb8 11. Bg2 c6 12. dxc6 Nxc6 13. O-O Be6 14. c5 dxc5
15. Nxe5 Nxe5 16. Bxe5 Bg4 17. Bxf6 Qxf6 18. Qc4 Be6 19. Qxc5 Qxb2 20. Rab1
Qxe2 21. Bxb7 Rad8 22. Qxa7 Rd7 23. Rfe1 Qd3 24. Qa6 Qxa6 25. Bxa6 Ra7 26. Rb6
Rfa8 27. Reb1 Kf8 28. Rb8+ Ke7 29. Rxa8 Rxa8 30. Rb6 Kd8 31. a4 Kc7 32. a5 Rd8
33. Rb7+ Kc6 34. Rb1 Rd2 35. Rc1+ Kd6 36. Bb7 Bd5 37. Bc8 Ra2 38. a6 Ra4 39.
Rb1 Kc7 40. Bb7 Bc4 41. Re1 Kd8 42. Rd1+ Ke7 43. Rc1 Bxa6 44. Rc7+ Kd8 45. Rxf7
Bxb7 46. Rxb7 Rg4 47. Kg2 Ke8 48. Kf3 Rg6 49. g4 Kf8 50. h4 h6 51. Rb8+ Kf7 52.
Rb7+ Kf8 53. Kg3 Ra6 54. h5 Kg8 55. Rd7 Ra4 56. f3 Rb4 57. Kf2 Rb3 58. Ke2 Rb6
59. Rd5 Rb3 60. Rd3 Rb6 61. Ke3 Ra6 62. Ke4 Ra5 63. f4 Rb5 64. Rd5 Rb1 65. Kf5
Kh7 66. Ra5 Rc1 67. Rd5 Rb1 68. Ke6 Rb4 69. g5 hxg5 70. fxg5 Rh4 71. Rd8 Rb4
72. g6+ Kh6 73. Rh8+ Kg5 74. Kf7 Rb7+ 75. Kg8 Rc7 76. Kh7 Kxh5 77. Rg8 Rb7 78.
Rxg7 Rb6 79. Rg8 Ra6 80. Rb8 Rxg6 81. Rb5+ Rg5 82. Rxg5+ Kxg5 1/2-1/2

[Event "4NCL Division 2a"]
[Site "Hinckley Island ENG"]
[Date "2015.01.10"]
[Round "3.99"]
[White "Bentley, John L"]
[Black "Jones, William EG"]
[Result "0-1"]
[WhiteElo "2238"]
[BlackElo "2104"]
[PlyCount "106"]
[EventDate "2015.01.10"]

1. d4 Nf6 2. c4 g6 3. Nc3 Bg7 4. e4 d6 5. f3 O-O 6. Be3 c5 7. Nge2 Nc6 8. d5
Ne5 9. Ng3 h5 10. Be2 e6 11. O-O exd5 12. cxd5 Nh7 13. Qd2 h4 14. Nh1 f5 15.
Nf2 a6 16. f4 Nf7 17. a4 Qa5 18. Ra3 Bd7 19. Bd3 Rfe8 20. Re1 Nh6 21. Ncd1 Qxd2
22. Bxd2 Nf6 23. Bc3 fxe4 24. Nxe4 Nxe4 25. Rxe4 Nf5 26. Bxg7 Kxg7 27. Nc3 Nd4
28. Ra1 Bf5 29. Rxe8 Rxe8 30. Bxf5 gxf5 31. Kf2 Kf7 32. Rb1 Nb3 33. Rd1 Rb8 34.
Rd3 Nd4 35. Rh3 Rh8 36. Re3 b5 37. axb5 axb5 38. Rh3 Kg7 39. Re3 Kf7 40. Nb1
Rg8 41. Ra3 Re8 42. Ra7+ Kf6 43. Nc3 b4 44. Na4 Re4 45. Nb6 Rxf4+ 46. Ke3 Re4+
47. Kd3 Ne2 48. Rh7 Nf4+ 49. Kd2 Rd4+ 50. Kc2 Nxd5 51. Nd7+ Kg5 52. g3 hxg3 53.
hxg3 c4 0-1

[Event "4NCL Division 2a"]
[Site "Hinckley Island ENG"]
[Date "2015.01.10"]
[Round "3.215"]
[White "Lunn, Matthew"]
[Black "Abbas, Daniel"]
[Result "1/2-1/2"]
[WhiteElo "2046"]
[BlackElo "2095"]
[PlyCount "92"]
[EventDate "2015.01.10"]
[WhiteTeam "KJCA Kings"]
[BlackTeam "3Cs"]

1. d4 Nf6 2. c4 e6 3. Nc3 Bb4 4. Qc2 O-O 5. e4 d5 6. e5 Ne4 7. Bd3 c5 8. cxd5
exd5 9. Nge2 cxd4 10. Nxd4 Nd7 11. f4 Qh4+ 12. g3 Qh3 13. Bf1 Qh5 14. Bg2 Nb6
15. O-O Bf5 16. Nxf5 Qxf5 17. Nxd5 Nxd5 18. Bxe4 Qe6 19. Bxh7+ Kh8 20. Bf5 Qb6+
21. Kh1 Rad8 22. Qe2 g6 23. Be4 Qd4 24. Rd1 Qc5 25. a3 Ba5 26. Bxd5 Rxd5 27.
Be3 Qc6 28. Kg1 Rfd8 29. Rac1 Rxd1+ 30. Rxd1 Rxd1+ 31. Qxd1 Bb6 32. Kf2 Bxe3+
33. Kxe3 Qg2 34. Qd2 Qg1+ 35. Kd3 Qb1+ 36. Kc3 Qf1 37. Qd8+ Kg7 38. Qf6+ Kg8
39. Qd8+ Kg7 40. Qd4 Qf3+ 41. Kb4 Kg8 42. Qxa7 Qe4+ 43. Kc3 Qf3+ 44. Kc4 Qe2+
45. Kb3 Qd1+ 46. Kc3 Qc1+ 1/2-1/2

[Event "4NCL Division 2a"]
[Site "Hinckley Island ENG"]
[Date "2015.01.10"]
[Round "3.216"]
[White "Walton, Alan J"]
[Black "Ganesan, Arasu"]
[Result "1/2-1/2"]
[WhiteElo "2129"]
[BlackElo "2073"]
[PlyCount "37"]
[EventDate "2015.01.10"]
[WhiteTeam "3Cs"]
[BlackTeam "KJCA Kings"]

1. d4 e6 2. e4 d5 3. e5 c5 4. c3 Nc6 5. Nf3 Bd7 6. Bd3 Qc7 7. O-O cxd4 8. cxd4
Nb4 9. Nc3 Nxd3 10. Qxd3 Ne7 11. Bd2 Ng6 12. Rfc1 Qb6 13. a3 Be7 14. b3 O-O 15.
Na4 Bxa4 16. bxa4 Rfc8 17. g3 Rc6 18. Rxc6 Qxc6 19. Qb5 1/2-1/2

[Event "4NCL Division 2a"]
[Site "Hinckley Island ENG"]
[Date "2015.01.10"]
[Round "3.217"]
[White "Maguire, Robert"]
[Black "Horton, Jamie A"]
[Result "1/2-1/2"]
[WhiteElo "1968"]
[BlackElo "2041"]
[PlyCount "87"]
[EventDate "2015.01.10"]
[WhiteTeam "KJCA Kings"]
[BlackTeam "3Cs"]

1. e4 c6 2. c4 d5 3. cxd5 cxd5 4. exd5 Nf6 5. Qa4+ Nbd7 6. Nc3 g6 7. d4 Bg7 8.
Be3 O-O 9. d6 exd6 10. Nf3 Nb6 11. Qa5 Be6 12. Be2 h6 13. Rc1 Nbd5 14. Qa3 a6
15. Nxd5 Nxd5 16. Bd2 Qd7 17. O-O Rfe8 18. Rfe1 Rac8 19. Bd3 Bf8 20. Qa5 Rxc1
21. Rxc1 Rc8 22. Rxc8 Qxc8 23. Qa4 Bg7 24. Qd1 Nf6 25. Bf4 Qc6 26. g3 Bd5 27.
Be2 Kh7 28. Qc1 Qxc1+ 29. Bxc1 Nd7 30. Bf4 Bf8 31. Nd2 Nb6 32. Nb1 f5 33. Nc3
Bc6 34. f3 Nd5 35. Nxd5 Bxd5 36. Kf2 Kg7 37. Bd1 Kf7 38. Ke2 Bc4+ 39. Kd2 Ke6
40. Kc3 Bd5 41. Be2 Bg7 42. Be3 g5 43. Kb4 Bf6 44. Kc3 1/2-1/2

[Event "4NCL Division 2a"]
[Site "Hinckley Island ENG"]
[Date "2015.01.10"]
[Round "3.99"]
[White "Manton, Jacob"]
[Black "Giles, Yasmin"]
[Result "1/2-1/2"]
[WhiteElo "1874"]
[BlackElo "1838"]
[PlyCount "106"]
[EventDate "2015.01.10"]

1. d4 d5 2. c4 c6 3. Nf3 Nf6 4. Nc3 dxc4 5. a4 Bf5 6. e3 Nbd7 7. Bxc4 e6 8. O-O
Bb4 9. Nh4 Bg4 10. f3 Bh5 11. g4 Bg6 12. Nxg6 hxg6 13. e4 Qc7 14. Qe2 O-O-O 15.
Be3 Nb6 16. Bb3 a5 17. Rac1 Bxc3 18. Rxc3 Kb8 19. Qf2 Nbd7 20. Rfc1 Rh3 21. e5
Rdh8 22. Bf4 Nd5 23. Bxd5 exd5 24. Qd2 g5 25. Bg3 Nb6 26. b3 Qe7 27. R3c2 Qe6
28. Qxg5 g6 29. Qd2 Nd7 30. Qxa5 g5 31. Rg2 Qh6 32. Rcc2 Qh7 33. Qc3 Nf8 34.
e6+ Rxg3 35. hxg3 Qh1+ 36. Kf2 Nxe6 37. Qd2 Rh2 38. Ke3 Rxg2 39. Qxg2 Qe1+ 40.
Kd3 Qd1+ 41. Qd2 Qxf3+ 42. Qe3 Qd1+ 43. Kc3 c5 44. Kb2 Ka8 45. Rd2 Qxg4 46.
dxc5 d4 47. Qe5 Qf3 48. Rxd4 Qf2+ 49. Kc3 Nxd4 50. Qxd4 Qxg3+ 51. Kc4 f5 52.
Qd8+ Ka7 53. Qa5+ Kb8 1/2-1/2

[Event "4NCL Division 2a"]
[Site "Hinckley Island ENG"]
[Date "2015.01.10"]
[Round "3.221"]
[White "Player, Edmund"]
[Black "Lim, Zhuo Ren"]
[Result "0-1"]
[WhiteElo "2240"]
[BlackElo "2216"]
[PlyCount "73"]
[EventDate "2015.01.10"]
[WhiteTeam "Anglian Avengers 1"]
[BlackTeam "Sussex Martlets 1"]

1. e4 c5 2. Nf3 d6 3. Bb5+ Nc6 4. Bxc6+ bxc6 5. O-O Bg4 6. c3 Nf6 7. d3 Nd7 8.
Nbd2 e6 9. Qa4 Qc8 10. e5 Bxf3 11. Nxf3 d5 12. c4 Be7 13. Qc2 O-O 14. Re1 Qc7
15. Bf4 Rab8 16. Re3 Rfd8 17. Rc1 Nf8 18. h4 Ng6 19. Bg3 Bf8 20. h5 Ne7 21. Nh4
dxc4 22. dxc4 Rd4 23. Re4 Qa5 24. Bf4 Nf5 25. Nf3 Rxe4 26. Qxe4 Rxb2 27. g4 Nd4
28. Ng5 g6 29. hxg6 hxg6 30. Kg2 Qxa2 31. Be3 Be7 32. Qf4 Bxg5 33. Qxg5 Rb8 34.
Rh1 Qxc4 35. Qf6 Qd5+ 36. f3 Rb2+ 37. Bf2 0-1

[Event "4NCL Division 2a"]
[Site "Hinckley Island ENG"]
[Date "2015.01.10"]
[Round "3.222"]
[White "Graham, David B"]
[Black "Lewis, Andrew"]
[Result "1/2-1/2"]
[WhiteElo "2131"]
[BlackElo "2266"]
[PlyCount "64"]
[EventDate "2015.01.10"]
[WhiteTeam "Sussex Martlets 1"]
[BlackTeam "Anglian Avengers 1"]

1. e4 c5 2. Nc3 e6 3. f4 d5 4. Nf3 Nf6 5. e5 Ng4 6. h3 Nh6 7. g4 Nc6 8. Bg2 f6
9. O-O Nf7 10. d3 Be7 11. Qe1 O-O 12. Qg3 a6 13. Bd2 fxe5 14. Nxe5 Nd4 15. Nxf7
Rxf7 16. Rac1 Kh8 17. Be3 Bd6 18. Qf2 Qc7 19. Bxd4 cxd4 20. Ne2 Bd7 21. Kh1
Raf8 22. Qxd4 h5 23. c4 Bxf4 24. Nxf4 Rxf4 25. Rxf4 Rxf4 26. Qe3 d4 27. Qe2
hxg4 28. hxg4 Kg8 29. Rf1 b5 30. Be4 Rxf1+ 31. Qxf1 Qg3 32. Qf3 Qe1+ 1/2-1/2

[Event "4NCL Division 2a"]
[Site "Hinckley Island ENG"]
[Date "2015.01.10"]
[Round "3.223"]
[White "Taylor, Adam C"]
[Black "Salimbeni, George"]
[Result "1/2-1/2"]
[WhiteElo "2046"]
[BlackElo "2145"]
[PlyCount "59"]
[EventDate "2015.01.10"]
[WhiteTeam "Anglian Avengers 1"]
[BlackTeam "Sussex Martlets 1"]

1. c4 Nf6 2. g3 g6 3. Bg2 d5 4. cxd5 Nxd5 5. Nc3 Nb6 6. d3 Bg7 7. Be3 O-O 8.
Qd2 Re8 9. Bh6 Bh8 10. h4 N8d7 11. h5 Nf6 12. Nf3 c5 13. hxg6 hxg6 14. O-O-O
Ng4 15. Be3 Nxe3 16. Qxe3 Bg7 17. Rh4 Be6 18. Rdh1 Nd5 19. Nxd5 Qxd5 20. b3 Qf5
21. Rg4 Qd5 22. Rgh4 Qf5 23. Rf4 Qd5 24. Rh2 g5 25. Re4 Bf5 26. Rc4 b5 27. Rc2
Rac8 28. Nh4 Qd6 29. Qxg5 Bxd3 30. Bh3 1/2-1/2

[Event "4NCL Division 2a"]
[Site "Hinckley Island ENG"]
[Date "2015.01.10"]
[Round "3.224"]
[White "Grant, David J"]
[Black "Talsma, Paul"]
[Result "1-0"]
[WhiteElo "2095"]
[BlackElo "2186"]
[PlyCount "89"]
[EventDate "2015.01.10"]
[WhiteTeam "Sussex Martlets 1"]
[BlackTeam "Anglian Avengers 1"]

1. e4 e5 2. Nf3 Nf6 3. d4 Nxe4 4. Bd3 Nc6 5. dxe5 d5 6. Bf4 Be7 7. O-O O-O 8.
Nc3 Nxc3 9. bxc3 f6 10. Qd2 Bg4 11. exf6 Bxf6 12. Nd4 Ne5 13. Rae1 Nxd3 14.
Qxd3 c6 15. Be5 Bxe5 16. Rxe5 Qf6 17. Qe3 Bd7 18. f4 Rae8 19. Rf3 c5 20. Nf5
Rxe5 21. fxe5 Qe6 22. Nd6 Rxf3 23. gxf3 Qg6+ 24. Kf1 Bh3+ 25. Ke1 b6 26. f4 Be6
27. Qf2 Bf5 28. Kd2 h6 29. Qf3 d4 30. cxd4 cxd4 31. Nxf5 Qxf5 32. Qd5+ Kh7 33.
Qxd4 g6 34. Qc4 h5 35. e6 h4 36. Qc7+ Kh6 37. e7 Qa5+ 38. Ke3 Qe1+ 39. Kd3 Qd1+
40. Ke4 Qe2+ 41. Kd4 Qd2+ 42. Ke5 Qa5+ 43. Kd6 Qb5 44. Qc6 Qb4+ 45. Kd7 1-0

[Event "4NCL Division 2a"]
[Site "Hinckley Island ENG"]
[Date "2015.01.10"]
[Round "3.226"]
[White "Hoare, Amy B"]
[Black "Gregory, Steve"]
[Result "1-0"]
[WhiteElo "2041"]
[BlackElo "2056"]
[PlyCount "87"]
[EventDate "2015.01.10"]
[WhiteTeam "Sussex Martlets 1"]
[BlackTeam "Anglian Avengers 1"]

1. e4 d6 2. d4 Nf6 3. Nc3 g6 4. Be3 c6 5. Qd2 b5 6. f3 Nbd7 7. Bd3 e5 8. Nge2
Be7 9. O-O Bb7 10. a4 b4 11. Nd1 a5 12. c3 c5 13. dxc5 dxc5 14. Bh6 Qb6 15. Ne3
Bf8 16. Bxf8 Rxf8 17. Bb5 O-O-O 18. Nc4 Qc7 19. Qg5 Rfe8 20. Rfd1 Re6 21. Rd2
Bc6 22. Bxc6 Rxc6 23. Rad1 Kb8 24. Nxe5 Re6 25. Nxf7 Rf8 26. Nd6 Re5 27. Qe3
Rh5 28. Ng3 Re5 29. Nb5 Qb7 30. Rd6 h5 31. Qd2 Re7 32. Qf4 Kc8 33. Qd2 h4 34.
Ne2 Kb8 35. Nf4 g5 36. Ng6 Ree8 37. Nxf8 Rxf8 38. Qxg5 h3 39. Qg3 Kc8 40. Qh4
bxc3 41. bxc3 Kb8 42. Rxd7 Nxd7 43. Rxd7 Qxd7 44. Qg3+ 1-0

[Event "4NCL Division 2a"]
[Site "Hinckley Island ENG"]
[Date "2015.01.10"]
[Round "3.227"]
[White "Lindner, Daniel"]
[Black "Howell, Chris I"]
[Result "1-0"]
[WhiteElo "2214"]
[BlackElo "2045"]
[PlyCount "77"]
[EventDate "2015.01.10"]
[WhiteTeam "Anglian Avengers 1"]
[BlackTeam "Sussex Martlets 1"]

1. c4 Nf6 2. g3 g6 3. Bg2 Bg7 4. Nc3 O-O 5. e4 d6 6. Nge2 e5 7. O-O Be6 8. d3
Qd7 9. f4 Bh3 10. f5 Bxg2 11. Kxg2 Nc6 12. h3 gxf5 13. exf5 Nd4 14. g4 Qc6+ 15.
Kh2 h6 16. Ng3 e4 17. Ngxe4 Nxe4 18. Nxe4 Be5+ 19. Kg2 Rfe8 20. Be3 d5 21. cxd5
Qc2+ 22. Rf2 Qxd1 23. Rxd1 Kh7 24. Bxd4 Bxd4 25. Rc2 Re7 26. d6 cxd6 27. Nxd6
h5 28. Ne4 Rd8 29. Kf3 b5 30. b3 a5 31. Rc6 hxg4+ 32. hxg4 b4 33. g5 Re5 34.
Kf4 Red5 35. Rh6+ Kg8 36. f6 Be5+ 37. Kg4 Rxd3 38. Rdh1 Bxf6 39. gxf6 1-0

[Event "4NCL Division 2a"]
[Site "Hinckley Island ENG"]
[Date "2015.01.10"]
[Round "3.228"]
[White "Jones, Chris"]
[Black "Lemoir, David"]
[Result "1/2-1/2"]
[WhiteElo "2042"]
[BlackElo "2115"]
[PlyCount "26"]
[EventDate "2015.01.10"]
[WhiteTeam "Sussex Martlets 1"]
[BlackTeam "Anglian Avengers 1"]

1. e4 e5 2. Nf3 Nc6 3. c3 f5 4. d4 fxe4 5. Nxe5 Nf6 6. Be2 Be7 7. O-O O-O 8.
Be3 d5 9. c4 Be6 10. Nc3 dxc4 11. Bxc4 Bxc4 12. Nxc4 Kh8 13. Nd2 Nxd4 1/2-1/2

[Event "4NCL Division 2a"]
[Site "Hinckley Island ENG"]
[Date "2015.01.10"]
[Round "3.231"]
[White "Girdlestone, Paul"]
[Black "Kett, Timothy J"]
[Result "0-1"]
[WhiteElo "2137"]
[BlackElo "2225"]
[PlyCount "64"]
[EventDate "2015.01.10"]
[WhiteTeam "Brown Jack Witney"]
[BlackTeam "Rhyfelwyr Essyllwg 1"]

1. d4 Nf6 2. Nf3 d5 3. c4 e6 4. Nc3 c6 5. e3 Nbd7 6. Bd3 dxc4 7. Bxc4 b5 8. Bd3
a6 9. a4 b4 10. Ne4 c5 11. O-O Bb7 12. Nxf6+ gxf6 13. Re1 Bd6 14. e4 cxd4 15.
Nxd4 Qc7 16. Be3 Bxh2+ 17. Kh1 Be5 18. Qe2 Rg8 19. Rac1 Qd6 20. Nb3 Rd8 21.
Red1 f5 22. Bc5 Qb8 23. Na5 Ba8 24. f3 Nxc5 25. Rxc5 Rg6 26. Nb3 Bd6 27. exf5
Rh6+ 28. Kg1 Bxc5+ 29. Nxc5 Qh2+ 30. Kf2 Qh4+ 31. Kf1 Qg3 32. Bb5+ Ke7 0-1

[Event "4NCL Division 2a"]
[Site "Hinckley Island ENG"]
[Date "2015.01.10"]
[Round "3.232"]
[White "Brown, Tom"]
[Black "Padilla Cabero, Pablo"]
[Result "0-1"]
[WhiteElo "2054"]
[BlackElo "2150"]
[PlyCount "56"]
[EventDate "2015.01.10"]
[WhiteTeam "Rhyfelwyr Essyllwg 1"]
[BlackTeam "Brown Jack Witney"]

1. d4 d6 2. e4 f5 3. exf5 Bxf5 4. Bd3 Qd7 5. Nf3 Nc6 6. O-O g6 7. Bxf5 Qxf5 8.
d5 Nd8 9. c4 e5 10. dxe6 Nxe6 11. Nd4 Nxd4 12. Qxd4 Nf6 13. Re1+ Kf7 14. Nd2
Bg7 15. Nf3 Rhe8 16. Rxe8 Rxe8 17. Qxa7 Qc2 18. Be3 Qxb2 19. Bd4 Qb4 20. c5
dxc5 21. Bxc5 Qb5 22. Bd4 Rd8 23. h4 Qd5 24. Rb1 Ng4 25. Rb4 Kg8 26. Kf1 Qe4
27. Qa4 Qd3+ 28. Ke1 c5 0-1

[Event "4NCL Division 2a"]
[Site "Hinckley Island ENG"]
[Date "2015.01.10"]
[Round "3.233"]
[White "Meek, Stephen"]
[Black "Martin Perez, Javier"]
[Result "0-1"]
[WhiteElo "1977"]
[BlackElo "2031"]
[PlyCount "40"]
[EventDate "2015.01.10"]
[WhiteTeam "Brown Jack Witney"]
[BlackTeam "Rhyfelwyr Essyllwg 1"]

1. e4 e6 2. d4 d5 3. Nd2 Nf6 4. e5 Nfd7 5. f4 c5 6. c3 Nc6 7. Ndf3 Qb6 8. a3 c4
9. g4 Be7 10. h4 f6 11. Ne2 O-O 12. Ng3 fxe5 13. fxe5 Ndxe5 14. dxe5 Nxe5 15.
Nd4 Ng6 16. h5 Bh4 17. Rh3 Qd6 18. hxg6 Bxg3+ 19. Rxg3 Qxg3+ 20. Kd2 Qf4+ 0-1

[Event "4NCL Division 2a"]
[Site "Hinckley Island ENG"]
[Date "2015.01.10"]
[Round "3.234"]
[White "Morris, Gareth L"]
[Black "Richmond, Peter"]
[Result "1/2-1/2"]
[WhiteElo "2070"]
[BlackElo "2131"]
[PlyCount "34"]
[EventDate "2015.01.10"]
[WhiteTeam "Rhyfelwyr Essyllwg 1"]
[BlackTeam "Brown Jack Witney"]

1. d4 c5 2. d5 e5 3. e4 d6 4. Nc3 a6 5. a4 Nd7 6. g3 g6 7. h4 h5 8. Bh3 Bh6 9.
Nf3 Bxc1 10. Qxc1 Ndf6 11. Bxc8 Rxc8 12. Nd2 b6 13. Qd1 Kf8 14. Qe2 Ra8 15. Kf1
Kg7 16. Kg2 Nh6 17. Nf3 Re8 1/2-1/2

[Event "4NCL Division 2a"]
[Site "Hinckley Island ENG"]
[Date "2015.01.10"]
[Round "3.235"]
[White "Rabbitt, Mike"]
[Black "Spice, Alan P"]
[Result "1/2-1/2"]
[WhiteElo "2016"]
[BlackElo "2108"]
[PlyCount "81"]
[EventDate "2015.01.10"]
[WhiteTeam "Brown Jack Witney"]
[BlackTeam "Rhyfelwyr Essyllwg 1"]

1. d4 d5 2. c4 dxc4 3. e4 e5 4. Nf3 exd4 5. Nxd4 Bb4+ 6. Nc3 Qe7 7. f3 Be6 8.
Nxe6 Qxe6 9. a3 Bxc3+ 10. bxc3 Nc6 11. Qa4 Nge7 12. Qxc4 Qxc4 13. Bxc4 Rd8 14.
Bf4 Rd7 15. Ke2 Ng6 16. Be3 Nce5 17. Ba2 O-O 18. Rhd1 Rfd8 19. Rxd7 Rxd7 20.
Rd1 Rxd1 21. Kxd1 b6 22. Ke2 Kf8 23. g3 Ke7 24. h3 f6 25. f4 Nd7 26. Kd3 Kd6
27. Kc4 Kc6 28. Bb1 a5 29. h4 Ngf8 30. a4 h6 31. Bc2 Ne6 32. h5 Nec5 33. Bc1
Kd6 34. Kd4 Ne6+ 35. Ke3 Nec5 36. g4 Ke6 37. Bb2 Kd6 38. c4 Ne6 39. Bc3 Kc5 40.
Bd3 Kd6 41. Bc2 1/2-1/2

[Event "4NCL Division 2a"]
[Site "Hinckley Island ENG"]
[Date "2015.01.10"]
[Round "3.236"]
[White "Rodriguez, Juan Talavera"]
[Black "Whatley, Stephen"]
[Result "0-1"]
[WhiteElo "1967"]
[BlackElo "1949"]
[PlyCount "72"]
[EventDate "2015.01.10"]
[WhiteTeam "Rhyfelwyr Essyllwg 1"]
[BlackTeam "Brown Jack Witney"]

1. e4 c5 2. Nf3 e6 3. d3 Nc6 4. Nbd2 Nf6 5. g3 d5 6. Bg2 b5 7. O-O dxe4 8. dxe4
e5 9. a4 b4 10. b3 Qc7 11. Bb2 Ba6 12. Nc4 Bxc4 13. bxc4 Bd6 14. Nh4 Nd4 15. c3
bxc3 16. Bxc3 O-O 17. Nf5 Rad8 18. Bxd4 cxd4 19. Nxd6 Rxd6 20. f4 Re8 21. Rc1
Qc5 22. Kh1 h5 23. h3 Qa3 24. Rf3 Qb2 25. Rb3 Qa2 26. fxe5 Rxe5 27. Rb8+ Kh7
28. c5 Rc6 29. Qxd4 Qa3 30. Qxe5 Qxc1+ 31. Kh2 Rxc5 32. Qf4 Qa1 33. Rb7 Rc2 34.
Qf3 Qa2 35. e5 Rf2 36. Qc6 Nd5 0-1

[Event "4NCL Division 2a"]
[Site "Hinckley Island ENG"]
[Date "2015.01.10"]
[Round "3.238"]
[White "Wang, Alyssa"]
[Black "Bourne, Johnathan"]
[Result "0-1"]
[WhiteElo "1652"]
[BlackElo "1973"]
[PlyCount "98"]
[EventDate "2015.01.10"]
[WhiteTeam "Rhyfelwyr Essyllwg 1"]
[BlackTeam "Brown Jack Witney"]

1. d4 Nf6 2. c4 g6 3. Nc3 Bg7 4. Nf3 d6 5. g3 O-O 6. Bg2 Nbd7 7. O-O e5 8. e4
Re8 9. Re1 exd4 10. Nxd4 a6 11. h3 Rb8 12. a4 Ne5 13. Bf1 c5 14. Nf3 Nfd7 15.
Nxe5 Nxe5 16. f4 Nc6 17. Be3 f5 18. exf5 Bxf5 19. g4 Be6 20. Rb1 Bf7 21. Bf2
Bd4 22. Rxe8+ Qxe8 23. Qd2 Kg7 24. Re1 Qf8 25. Bxd4+ Nxd4 26. Kg2 Re8 27. Ne2
Qe7 28. Qc3 Kg8 29. Kf2 Qh4+ 30. Ng3 Qf6 31. Rxe8+ Bxe8 32. Qe3 Ne6 33. Ne2
Bxa4 34. Bg2 Bc6 35. Bxc6 bxc6 36. Qe4 Nd4 37. Qe8+ Kg7 38. Qd7+ Kg8 39. Qc8+
Kf7 40. Qxa6 Nxe2 41. Kxe2 Qxb2+ 42. Kf3 Qc3+ 43. Kg2 Qd2+ 44. Kg3 Qe3+ 45. Kg2
Qxf4 46. Qxc6 Kf6 47. Qd5 Qe5 48. Qf3+ Ke6 49. Qc6 Qe2+ 0-1

[Event "4NCL Division 2a"]
[Site "Hinckley Island ENG"]
[Date "2015.01.10"]
[Round "3.99"]
[White "Lee, Richard WY"]
[Black "Martin, Andrew"]
[Result "1/2-1/2"]
[WhiteElo "2147"]
[BlackElo "2375"]
[PlyCount "132"]
[EventDate "2015.01.10"]

1. e4 g6 2. d4 Bg7 3. Nf3 d6 4. Be2 Nf6 5. Nc3 O-O 6. O-O Bg4 7. Be3 Nc6 8. h3
Bxf3 9. Bxf3 e5 10. Ne2 d5 11. exd5 Nxd5 12. c4 Nxe3 13. fxe3 exd4 14. Bxc6
bxc6 15. exd4 c5 16. dxc5 Bxb2 17. Rb1 Be5 18. Qd5 Qe8 19. Kh1 Rd8 20. Qe4 Rd2
21. Rbe1 Bg7 22. Nc1 Qxe4 23. Rxe4 Rfd8 24. Re7 R2d7 25. Rxd7 Rxd7 26. Nb3 f5
27. Re1 Kf7 28. Re3 h5 29. Kg1 Bd4 30. Nxd4 Rxd4 31. Ra3 Rxc4 32. Rxa7 Rxc5 33.
h4 Kf6 34. Kf2 f4 35. Kf3 Kf5 36. Ra3 Rc4 37. Rd3 Ke5 38. Ra3 c5 39. Ra6 Rc3+
40. Kf2 Kf5 41. Rc6 g5 42. hxg5 Kxg5 43. a4 Kg4 44. Rg6+ Kf5 45. Rh6 c4 46.
Rxh5+ Ke4 47. Rg5 Rc2+ 48. Ke1 Ra2 49. a5 c3 50. Kd1 Kd3 51. Rd5+ Kc4 52. Rf5
Rxg2 53. a6 Ra2 54. Rxf4+ Kb3 55. Rf6 Ra1+ 56. Ke2 c2 57. Rb6+ Kc3 58. Rc6+ Kb2
59. Rb6+ Kc1 60. Ke1 Ra5 61. Ke2 Ra3 62. Ke1 Ra4 63. Ke2 Re4+ 64. Kf2 Ra4 65.
Ke2 Ra1 66. Ke1 Ra5 1/2-1/2

[Event "4NCL Division 2a"]
[Site "Hinckley Island ENG"]
[Date "2015.01.10"]
[Round "3.242"]
[White "Buckley, Graeme"]
[Black "Chevannes, Sabrina L"]
[Result "1-0"]
[WhiteElo "2339"]
[BlackElo "2173"]
[PlyCount "85"]
[EventDate "2015.01.10"]
[WhiteTeam "Guildford 3"]
[BlackTeam "Cambridge University 2"]

1. e4 c6 2. d3 d5 3. Nd2 e5 4. Ngf3 Bd6 5. d4 exd4 6. Bd3 Ne7 7. O-O Bg4 8. Re1
Nd7 9. exd5 cxd5 10. Nb3 Bb4 11. Bd2 Bxd2 12. Nbxd2 Nc5 13. Bb5+ Bd7 14. Qe2
Ne6 15. Bxd7+ Qxd7 16. Ne5 Qc8 17. Qb5+ Nc6 18. Qxd5 Nxe5 19. Rxe5 O-O 20. Qe4
Rd8 21. Re1 Qc6 22. Qxc6 bxc6 23. g3 g6 24. f4 Rd5 25. Kf2 Rad8 26. Nb3 d3 27.
Rxd5 Rxd5 28. c4 Rf5 29. Ke3 g5 30. Ke4 Ng7 31. Nd4 Ra5 32. a3 gxf4 33. gxf4
Rh5 34. Kxd3 Rxh2 35. b4 h5 36. c5 h4 37. b5 Ra2 38. bxc6 Rxa3+ 39. Kc4 Ra4+
40. Kc3 Ra3+ 41. Kb4 Rd3 42. c7 Rxd4+ 43. Kc3 1-0

[Event "4NCL Division 2a"]
[Site "Hinckley Island ENG"]
[Date "2015.01.10"]
[Round "3.243"]
[White "Beckett, Chris J"]
[Black "Kalaiyalahan, Akshaya"]
[Result "1/2-1/2"]
[WhiteElo "2151"]
[BlackElo "2092"]
[PlyCount "95"]
[EventDate "2015.01.10"]
[WhiteTeam "Cambridge University 2"]
[BlackTeam "Guildford 3"]

1. d4 d5 2. c4 c6 3. Nf3 Nf6 4. Qc2 dxc4 5. e4 b5 6. b3 cxb3 7. axb3 e6 8. Bd3
h6 9. O-O Be7 10. Bd2 a5 11. Bf4 Bb7 12. Nc3 O-O 13. Rfd1 Na6 14. Qe2 Nb4 15.
Bb1 Re8 16. e5 Nfd5 17. Qe4 g6 18. Nxd5 Qxd5 19. Qe3 h5 20. Ng5 Qd7 21. Qg3 Bd8
22. Nxf7 Qxf7 23. Bxg6 Qg7 24. Bxe8 h4 25. Qxg7+ Kxg7 26. Bh5 Bb6 27. Bg5 Nc2
28. Rac1 Nxd4 29. Be3 c5 30. Bxd4 cxd4 31. Bf3 Bxf3 32. gxf3 Rf8 33. Rc6 Ba7
34. Rxe6 Rxf3 35. Re7+ Rf7 36. Rxf7+ Kxf7 37. f4 Ke6 38. Kg2 Bc5 39. Kf3 Kd5
40. h3 a4 41. bxa4 bxa4 42. Re1 a3 43. e6 Be7 44. f5 Kc4 45. Ke4 Bf6 46. Rc1+
Kb3 47. Kd3 a2 48. Ra1 1/2-1/2